[Event "Stay Safe Play From Home 290"]
[Site "Emanuel Lasker Arena"]
[Date "2020.07.09"]
[Round "6"]
[White "Klasman"]
[Black "Mandy"]
[Result "1-0"]
[WhiteElo "1399"]
[BlackElo "899"]
[Annotator "NA RC"]
[PlyCount "31"]
[EventDate "2020.07.09"]
[EventType "swiss (blitz)"]

1. f4 {[%emt 0:00:02]} c6 {[%emt 0:00:01]} 2. e4 {[%emt 0:00:01]} Nf6 {[%emt 0:00:01]} 3. e5 {[%emt 0:00:01]} Nd5 {[%emt 0:00:09]} 4. c4 {[%emt 0:00:01]} Nb4 {[%emt 0:00:05]} 5. a3 {[%emt 0:00:04]} N4a6 {[%emt 0:00:04]} 6. d4 {[%emt 0:00:01]} c5 {[%emt 0:00:01]} 7. d5 {[%emt 0:00:02]} d6 {[%emt 0:00:06]} 8. Nf3 {[%emt 0:00:02]} Bf5 {[%emt 0:00:03]} 9. Qb3 {[%emt 0:00:05]} b6 {[%emt 0:00:04]} 10. Be2 {[%emt 0:00:06]} f6 {[%emt 0:00:06]} 11. e6 {[%emt 0:00:03]} Bxb1 {[%emt 0:00:03]} 12. Rxb1 {[%emt 0:00:03]} g6 {[%emt 0:00:03]} 13. O-O {[%emt 0:00:03]} Bh6 {[%emt 0:00:03]} 14. Bd3 {[%emt 0:00:03]} Bxf4 {[%emt 0:00:06]} 15. Bxf4 {[%emt 0:00:02]} g5 {[%emt 0:00:04]} 16. Nxg5 {[%emt 0:00:06] Zeit (Lag: Av=0.55s, max=1.6s)} 1-0

[Event "Stay Safe Play From Home 290"]
[Site "Emanuel Lasker Arena"]
[Date "2020.07.09"]
[Round "7"]
[White "Eidgenosse"]
[Black "Lamborghini"]
[Result "1-0"]
[WhiteElo "2459"]
[BlackElo "2209"]
[Annotator "RC"]
[PlyCount "93"]
[EventDate "2020.07.09"]
[EventType "swiss (blitz)"]

1. Nf3 {[%emt 0:00:05]} Nf6 {[%emt 0:00:01]} 2. g3 {[%emt 0:00:01]} g6 {[%emt 0:00:01]} 3. Bg2 {[%emt 0:00:00]} Bg7 {[%emt 0:00:01]} 4. O-O {[%emt 0:00:00]} O-O {[%emt 0:00:01]} 5. d3 {[%emt 0:00:00]} d5 {[%emt 0:00:01]} 6. Nbd2 {[%emt 0:00:00]} c6 {[%emt 0:00:01]} 7. e4 {[%emt 0:00:00]} Na6 {[%emt 0:00:01]} 8. Qe2 {[%emt 0:00:01]} Nc7 {[%emt 0:00:01]} 9. e5 {[%emt 0:00:01]} Nd7 {[%emt 0:00:01]} 10. d4 {[%emt 0:00:00]} Ne6 {[%emt 0:00:03]} 11. c3 {[%emt 0:00:01]} b6 {[%emt 0:00:01]} 12. Re1 {[%emt 0:00:00]} a5 {[%emt 0:00:01]} 13. h4 {[%emt 0:00:01]} Ba6 {[%emt 0:00:03]} 14. Qe3 {[%emt 0:00:00]} h6 {[%emt 0:00:02]} 15. h5 {[%emt 0:00:01]} g5 {[%emt 0:00:01]} 16. Nh2 {[%emt 0:00:00]} Qc7 {[%emt 0:00:01]} 17. Ng4 {[%emt 0:00:01]} Rae8 {[%emt 0:00:02]} 18. Bf1 {[%emt 0:00:01]} f5 {[%emt 0:00:01]} 19. exf6 {[%emt 0:00:03]} exf6 {[%emt 0:00:02]} 20. Bxa6 {[%emt 0:00:01]} Nf4 {[%emt 0:00:01]} 21. Qxe8 {[%emt 0:00:01]} Rxe8 {[%emt 0:00:01]} 22. Rxe8+ {[%emt 0:00:00]} Kf7 {[%emt 0:00:01]} 23. Re1 {[%emt 0:00:03]} Ne6 {[%emt 0:00:01]} 24. Bd3 {[%emt 0:00:01]} Ndf8 {[%emt 0:00:03]} 25. Nf1 {[%emt 0:00:02]} c5 {[%emt 0:00:01]} 26. Be3 {[%emt 0:00:01]} a4 {[%emt 0:00:02]} 27. Bf5 {[%emt 0:00:01]} a3 {[%emt 0:00:02]} 28. bxa3 {[%emt 0:00:01]} Qa7 {[%emt 0:00:01]} 29. Rab1 {[%emt 0:00:02]} c4 {[%emt 0:00:03]} 30. a4 {[%emt 0:00:02]} Qxa4 {[%emt 0:00:02]} 31. Rxb6 {[%emt 0:00:01]} Qxa2 {[%emt 0:00:01]} 32. Bd2 {[%emt 0:00:02]} Nd8 {[%emt 0:00:05]} 33. Rd6 {[%emt 0:00:05]} Qa5 {[%emt 0:00:01]} 34. Nfe3 {[%emt 0:00:04]} Kg8 {[%emt 0:00:01]} 35. Rxd5 {[%emt 0:00:01]} Qc7 {[%emt 0:00:01]} 36. Rc5 {[%emt 0:00:00]} Qf7 {[%emt 0:00:02]} 37. Nxc4 {[%emt 0:00:02]} Qxh5 {[%emt 0:00:00]} 38. Nd6 {[%emt 0:00:01]} Qf7 {[%emt 0:00:00]} 39. Nxf7 {[%emt 0:00:01]} Nxf7 {[%emt 0:00:00]} 40. Rc7 {[%emt 0:00:00]} h5 {[%emt 0:00:01]} 41. Be6 {[%emt 0:00:00]} hxg4 {[%emt 0:00:01]} 42. Bxf7+ {[%emt 0:00:00]} Kh8 {[%emt 0:00:00]} 43. Bxg5 {[%emt 0:00:01]} Bh6 {[%emt 0:00:00]} 44. Bxh6 {[%emt 0:00:01]} Ne6 {[%emt 0:00:01]} 45. Bxe6 {[%emt 0:00:01]} f5 {[%emt 0:00:00]} 46. Bg5 {[%emt 0:00:01]} f4 {[%emt 0:00:00]} 47. Bf6# {[%emt 0:00:00] (Lag: Av=0.20s, max=0.6s)} 1-0

[Event "Stay Safe Play From Home 290"]
[Site "Emanuel Lasker Arena"]
[Date "2020.07.09"]
[Round "7"]
[White "AChessPlayer"]
[Black "Mepe_Nika"]
[Result "0-1"]
[WhiteElo "2426"]
[BlackElo "2338"]
[Annotator "TA"]
[PlyCount "126"]
[EventDate "2020.07.09"]
[EventType "swiss (blitz)"]

{[%evp 10,125,1,2,10,-5,7,0,11,7,13,0,0,0,12,0,40,-1,20,-35,-24,-32,-49,-32,-35,-61,7,-57,-6,-83,2,-81,0,-43,1,-77,-20,-80,-83,-169,-102,-104,-108,-116,-108,-129,-87,-79,-39,-258,-233,-301,-309,-385,-370,-835,-796,-990,-970,-1189,-1068,-1208,-1278,-1172,-1043,-1056,-1058,-1001,-1007,-985,-978,-12837,-12838,-12835,-12837,-8994,-6387,-5481,-834,-12841,-12842,-12842,-12842,-12843,-12843,-29986,-29987,-29987,-29988,-29988,-29989,-29990,-29991,-29992,-29987,-29987,-29988,-29990,-12850,-12851,-27999,-29992,-27999,-27999,-27999,-27999,-27999,-27999,-27999,-27999,-27999,-27999,-27999,-27999,-27999,-27999,-27999,-27999]} 1. Nf3 g6 2. d3 Bg7 3. c4 c5 4. Nc3 Nc6 5. g3 d6 6. Bg2 Bd7 {A37: Symmetrical English vs ...g6: 4 Bg2 Bg7 5 Nf3.} 7. h3 Qc8 8. a3 Nf6 {The position is equal.} 9. Rb1 {[#]} a5 $146 ({Predecessor:} 9... Nd4 10. e3 Nxf3+ 11. Qxf3 Bc6 12. e4 Nd7 13. O-O Ne5 14. Qd1 Bd7 15. Kh2 Nc6 {1-0 (38) Tadic,B (2464)-Nikcevic,N (2439) Niksic 2016}) 10. Be3 O-O 11. Qd2 Re8 12. Bh6 Bh8 13. Nb5 Na7 14. Nc3 (14. a4 $11) 14... b5 $15 15. cxb5 Nxb5 16. Nxb5 Bxb5 17. O-O Bc6 (17... a4 $1 $15) 18. Rfd1 (18. b4 $1 $11) 18... Rb8 (18... a4 $15) 19. Rdc1 (19. Qxa5 $11 Bxf3 20. exf3) 19... Qb7 ({Black should try} 19... a4 $17) 20. Kh2 (20. Qxa5 $11 {keeps the balance.} Nd7 21. Qd2) 20... Nd5 (20... a4 $17) 21. e4 Nf6 22. Be3 (22. b4 $11 {remains equal.}) 22... Nd7 ({Black should play} 22... a4 $17) 23. Ne1 (23. b3 $11) 23... a4 $17 24. Nc2 (24. Rc2 $17) 24... Ne5 (24... Bxb2 $19 25. Rd1 Qa6) 25. f4 Nd7 26. Re1 Bg7 (26... Bxb2 $6 27. Na1 $11) 27. Bf2 Qa6 ({Worse is} 27... Bxb2 28. Ne3 $16) 28. d4 Bb5 29. d5 $2 {Loses the game.} (29. e5 $15) 29... Bc4 $19 30. h4 Ba2 ({Don't take} 30... Bxb2 31. Nb4 $17) ({Not} 30... Rxb2 31. Rxb2 Bxb2 32. Rb1 $17) 31. Ra1 Rxb2 32. Qc1 $2 (32. Rac1) 32... Bb3 33. Ne3 Rxf2 34. Ng4 Re2 35. f5 Bxa1 36. Qxa1 {[#]} Ne5 $1 37. Nxe5 dxe5 38. Rxe2 Qxe2 39. Qxe5 Bc2 40. f6 {[#]} Bxe4 $1 41. Qxe4 Qxe4 42. Bxe4 exf6 {[%mdl 4096] Endgame KR-KB} 43. Bf3 Rd8 44. g4 c4 45. Kg3 c3 46. Be4 {[#]} Rxd5 $1 {[%mdl 576] Deflection, Promotion} 47. Bxd5 {KB-KP} c2 48. h5 c1=Q 49. hxg6 hxg6 50. Bf3 Qxa3 51. Kg2 {[#]} Qxf3+ $1 {[%mdl 64] Clearance, Promotion} 52. Kxf3 {KP-KP} a3 53. g5 a2 (53... f5 $142 54. Ke3 a2 55. Kd4 a1=Q+ 56. Kd3 Qe5 57. Kc2 f4 58. Kd2 f3 59. Kc2 f2 60. Kd3 f1=Q+ 61. Kc2 Qeb5 62. Kd2 Qbd3#) 54. gxf6 a1=Q (54... g5 $19 55. Ke4 a1=Q 56. Ke3 g4 57. Kf4 Qe1 58. Kxg4 Qf2 59. Kg5 Qf3 60. Kh6 Qe3+ 61. Kh5 Qg3 62. Kh6 Qh4#) 55. Kg4 {Black mates.} Qxf6 56. Kg3 Qf5 57. Kg2 Qf4 58. Kg1 Qd2 59. Kf1 g5 60. Kg1 Qe2 61. Kh1 g4 62. Kg1 g3 63. Kh1 Qf1# {Accuracy: White = 36%, Black = 57%.} 0-1

[Event "Stay Safe Play From Home 290"]
[Site "Emanuel Lasker Arena"]
[Date "2020.07.09"]
[Round "7"]
[White "Weltszmerc"]
[Black "SoulofWolf"]
[Result "1-0"]
[WhiteElo "2170"]
[BlackElo "2266"]
[Annotator "TA"]
[PlyCount "87"]
[EventDate "2020.07.09"]
[EventType "swiss (blitz)"]

{[%evp 9,86,55,78,78,89,53,57,52,56,45,80,65,76,-41,-45,-75,96,-53,95,-43,50,12,37,40,106,-43,121,116,109,118,144,120,187,191,349,314,421,414,413,420,452,447,494,485,498,489,525,536,569,546,708,623,785,775,697,621,939,934,904,892,1797,1802,1928,1781,1942,1958,2933,2612,29989,29990,29990,29991,29991,29991,29992,29993,29993,29993,29999]} 1. d4 c5 2. c4 e6 3. d5 a6 4. Nc3 exd5 5. cxd5 d6 6. a4 {A43: Schmid Benoni.} Be7 7. g3 Nf6 8. Bg2 {White is slightly better.} O-O 9. Nf3 Bg4 10. O-O {[#]} Nbd7 $146 ({Predecessor:} 10... Re8 11. Nd2 Bf8 12. h3 Bd7 13. Qb3 Qc8 14. Nc4 Qc7 15. a5 Bb5 16. Nb6 Ra7 17. Nxb5 axb5 18. Qxb5 {1-0 (48) Nemeth,D (2153)-Jonas,Z (2119) Hungary 2010}) 11. e4 (11. Nd2 $16) 11... Ne5 $15 12. Re1 Qd7 $2 {[#]} (12... Nfd7 $17) 13. Re3 ({Better is} 13. Nxe5 $16 dxe5 14. f3) 13... h6 (13... Bxf3 $15 {stays ahead.} 14. Bxf3 Nfg4 15. Bxg4 Nxg4) 14. Qc2 (14. Nxe5 $16 dxe5 15. f3) 14... Nc4 (14... Nxf3+ $15 15. Bxf3 Bxf3 16. Rxf3 Qh3) 15. Re2 Rab8 16. b3 Ne5 (16... Na5 $14) 17. Re3 (17. Nxe5 $16 dxe5 18. f3) 17... Nh7 $2 {[#]} (17... Nxf3+ $15 {keeps the upper hand.} 18. Bxf3 Bxf3 19. Rxf3 Qh3) 18. Nxe5 $16 {White now steadily converts the win.} dxe5 19. a5 Bg5 20. Re1 Be7 (20... Bxc1 $16 21. Raxc1 (21. Qxc1 Bh3 $16) (21. Rexc1 Ng5 $14) 21... Bh3) 21. Na4 $18 {[%cal Bc3a4,Ba4b6,Bb6c4][%mdl 32]} f5 $2 (21... Qc7 {is a better defense.} 22. f3 Bd7) 22. Nb6 ({Not} 22. Nxc5 Bxc5 23. Qxc5 fxe4 $16) 22... Qd6 23. h3 Bh5 24. exf5 Ng5 {Black hopes to continue with ...Nf3+.} 25. g4 Be8 26. Nc4 Qd8 27. Nxe5 Bf6 28. Bb2 Qd6 29. Rad1 h5 30. Nc4 Qd7 31. Bxf6 gxf6 32. Nb6 Qc7 33. h4 Nf7 34. d6 Qd8 35. d7 Ne5 36. dxe8=Q Qxe8 37. f4 Rf7 38. fxe5 fxe5 39. Bd5 {White mates.} Kh8 40. Bxf7 Qxf7 41. g5 Rg8 42. Rd7 Qf8 43. f6 {[%csl Gc2][%cal Rd7h7]} Qe8 44. Qh7# {Accuracy: White = 66%, Black = 17%.} 1-0

[Event "Stay Safe Play From Home 290"]
[Site "Emanuel Lasker Arena"]
[Date "2020.07.09"]
[Round "7"]
[White "Fischer_11"]
[Black "Bardellosport"]
[Result "1-0"]
[WhiteElo "2104"]
[BlackElo "1954"]
[Annotator "NA"]
[PlyCount "169"]
[EventDate "2020.07.09"]
[EventType "swiss (blitz)"]

1. e4 {[%emt 0:00:02]} d6 {[%emt 0:00:00]} 2. d4 {[%emt 0:00:01]} Nd7 {[%emt 0:00:00]} 3. Nc3 {[%emt 0:00:00]} Ngf6 {[%emt 0:00:00]} 4. Bg5 {[%emt 0:00:01]} e5 {[%emt 0:00:00]} 5. Nf3 {[%emt 0:00:02]} Be7 {[%emt 0:00:00]} 6. Qd2 {[%emt 0:00:01]} c6 {[%emt 0:00:00]} 7. O-O-O {[%emt 0:00:01]} Qc7 {[%emt 0:00:00]} 8. dxe5 {[%emt 0:00:01]} Nxe5 {[%emt 0:00:01]} 9. Kb1 {[%emt 0:00:02]} Bd7 {[%emt 0:00:01]} 10. Nxe5 {[%emt 0:00:01]} dxe5 {[%emt 0:00:01]} 11. Bxf6 {[%emt 0:00:00]} Bxf6 {[%emt 0:00:02]} 12. Bc4 {[%emt 0:00:00]} O-O-O {[%emt 0:00:01]} 13. Bxf7 {[%emt 0:00:02]} Be6 {[%emt 0:00:02]} 14. Bxe6+ {[%emt 0:00:01]} Kb8 {[%emt 0:00:01]} 15. Qe2 {[%emt 0:00:02]} a5 {[%emt 0:00:01]} 16. Rxd8+ {[%emt 0:00:02]} Rxd8 {[%emt 0:00:00]} 17. Rd1 {[%emt 0:00:01]} Re8 {[%emt 0:00:00]} 18. Bg4 {[%emt 0:00:06]} g6 {[%emt 0:00:02]} 19. Qd3 {[%emt 0:00:03]} b5 {[%emt 0:00:01]} 20. a3 {[%emt 0:00:02]} b4 {[%emt 0:00:01]} 21. axb4 {[%emt 0:00:02]} axb4 {[%emt 0:00:00]} 22. Na2 {[%emt 0:00:01]} Rd8 {[%emt 0:00:02]} 23. Qe2 {[%emt 0:00:01]} Rc8 {[%emt 0:00:00]} 24. Qa6 {[%emt 0:00:02]} Qb7 {[%emt 0:00:01]} 25. Bxc8 {[%emt 0:00:02]} Qxc8 {[%emt 0:00:02]} 26. Qxc8+ {[%emt 0:00:01]} Kxc8 {[%emt 0:00:00]} 27. Nxb4 {[%emt 0:00:01]} Kc7 {[%emt 0:00:00]} 28. Nxc6 {[%emt 0:00:02]} Kxc6 {[%emt 0:00:01]} 29. Rd5 {[%emt 0:00:00]} h5 {[%emt 0:00:02]} 30. f3 {[%emt 0:00:01]} h4 {[%emt 0:00:01]} 31. h3 {[%emt 0:00:00]} Bg5 {[%emt 0:00:01]} 32. c4 {[%emt 0:00:01]} Bf4 {[%emt 0:00:01]} 33. Kc2 {[%emt 0:00:01]} Be3 {[%emt 0:00:01]} 34. b4 {[%emt 0:00:01]} Bf4 {[%emt 0:00:01]} 35. b5+ {[%emt 0:00:00]} Kb6 {[%emt 0:00:01]} 36. Kb3 {[%emt 0:00:01]} Kc7 {[%emt 0:00:01]} 37. c5 {[%emt 0:00:01]} Kb7 {[%emt 0:00:01]} 38. Kc4 {[%emt 0:00:00]} Kc7 {[%emt 0:00:00]} 39. c6 {[%emt 0:00:01]} g5 {[%emt 0:00:03]} 40. Rd7+ {[%emt 0:00:00]} Kb8 {[%emt 0:00:01]} 41. Rb7+ {[%emt 0:00:00]} Kc8 {[%emt 0:00:00]} 42. Rf7 {[%emt 0:00:01]} Bg3 {[%emt 0:00:01]} 43. b6 {[%emt 0:00:02]} Kd8 {[%emt 0:00:01]} 44. b7 {[%emt 0:00:01]} Ke8 {[%emt 0:00:01]} 45. Rf5 {[%emt 0:00:01]} Ke7 {[%emt 0:00:01]} 46. b8=Q {[%emt 0:00:01]} Ke6 {[%emt 0:00:00]} 47. Qxe5+ {[%emt 0:00:01]} Bxe5 {[%emt 0:00:02]} 48. Rxe5+ {[%emt 0:00:00]} Kxe5 {[%emt 0:00:00]} 49. c7 {[%emt 0:00:00]} Kf4 {[%emt 0:00:00]} 50. c8=Q {[%emt 0:00:00]} Kg3 {[%emt 0:00:00]} 51. Qg4+ {[%emt 0:00:00]} Kf2 {[%emt 0:00:01]} 52. Qxg5 {[%emt 0:00:00]} Kg1 {[%emt 0:00:02]} 53. Qxh4 {[%emt 0:00:00]} Kh2 {[%emt 0:00:00]} 54. Qg4 {[%emt 0:00:00]} Kg1 {[%emt 0:00:01]} 55. h4 {[%emt 0:00:00]} Kf2 {[%emt 0:00:00]} 56. h5 {[%emt 0:00:00]} Ke3 {[%emt 0:00:00]} 57. h6 {[%emt 0:00:00]} Kf2 {[%emt 0:00:00]} 58. h7 {[%emt 0:00:00]} Kg1 {[%emt 0:00:00]} 59. e5 {[%emt 0:00:00]} Kf2 {[%emt 0:00:00]} 60. e6 {[%emt 0:00:00]} Ke3 {[%emt 0:00:00]} 61. e7 {[%emt 0:00:00]} Kf2 {[%emt 0:00:00]} 62. f4 {[%emt 0:00:00]} Kg1 {[%emt 0:00:00]} 63. f5 {[%emt 0:00:00]} Kh2 {[%emt 0:00:00]} 64. f6 {[%emt 0:00:00]} Kg1 {[%emt 0:00:00]} 65. f7 {[%emt 0:00:00]} Kh2 {[%emt 0:00:00]} 66. Qd4 {[%emt 0:00:00]} Kg3 {[%emt 0:00:01]} 67. Qd3+ {[%emt 0:00:01]} Kg4 {[%emt 0:00:00]} 68. g3 {[%emt 0:00:00]} Kg5 {[%emt 0:00:00]} 69. Qd2+ {[%emt 0:00:00]} Kg6 {[%emt 0:00:00]} 70. g4 {[%emt 0:00:00]} Kxf7 {[%emt 0:00:00]} 71. Qe3 {[%emt 0:00:00]} Kg6 {[%emt 0:00:01]} 72. Qd3+ {[%emt 0:00:00]} Kg5 {[%emt 0:00:00]} 73. Qd4 {[%emt 0:00:00]} Kh4 {[%emt 0:00:00]} 74. Qd5 {[%emt 0:00:00]} Kg3 {[%emt 0:00:00]} 75. Qe6 {[%emt 0:00:00]} Kh4 {[%emt 0:00:00]} 76. Qf7 {[%emt 0:00:00]} Kg3 {[%emt 0:00:00]} 77. Qg8 {[%emt 0:00:00]} Kf4 {[%emt 0:00:00]} 78. g5 {[%emt 0:00:00]} Ke5 {[%emt 0:00:00]} 79. g6 {[%emt 0:00:00]} Kf6 {[%emt 0:00:00]} 80. g7 {[%emt 0:00:00]} Ke5 {[%emt 0:00:01]} 81. Qf8 {[%emt 0:00:00]} Kd6 {[%emt 0:00:00]} 82. e8=Q+ {[%emt 0:00:00]} Kc7 {[%emt 0:00:01]} 83. Qf6 {[%emt 0:00:00]} Kb7 {[%emt 0:00:02]} 84. Qee7+ {[%emt 0:00:00]} Kc8 {[%emt 0:00:01]} 85. Qff8# {[%emt 0:00:00] (Lag: Av=0.35s, max=1.0s)} 1-0

[Event "Stay Safe Play From Home 290"]
[Site "Emanuel Lasker Arena"]
[Date "2020.07.09"]
[Round "7"]
[White "Lazieri3"]
[Black "Klasman"]
[Result "1-0"]
[WhiteElo "2050"]
[BlackElo "1401"]
[Annotator "TA"]
[PlyCount "53"]
[EventDate "2020.07.09"]
[EventType "swiss (blitz)"]

{[%evp 9,53,29,108,103,478,-19,22,10,33,0,4,4,11,0,29,29,31,25,56,34,42,50,41,33,34,12,22,21,27,20,133,30,42,5,5,5,5,0,0,0,614,599,680,665,653,643]} 1. e4 f5 2. Nc3 fxe4 3. Nxe4 Nf6 4. Nxf6+ exf6 5. d4 {[#]} c5 $146 (5... Qe7+ $11 6. Be2 Nc6) ({Predecessor:} 5... d5 6. Bd3 g6 7. Nf3 Bd6 8. O-O O-O 9. Bh6 Rf7 10. c4 c6 11. h3 Bf8 {1-0 (60) Berger,J (1706)-Nithammer,W (1659) Playchess.com INT 2020}) 6. dxc5 $16 {A00: Irregular Openings.} Bxc5 $2 {[%mdl 8192] [#]} (6... Nc6 $16 {is tougher.}) 7. Nf3 $2 (7. Qh5+ $18 Ke7 8. Qxc5+ d6 9. Qc3) 7... d5 8. Bd3 {The position is equal.} Nc6 (8... O-O {with more complications.} 9. O-O Bg4 10. h3 Bh5 11. Bf4 Nc6) 9. Qe2+ (9. O-O {feels hotter.} O-O 10. h3 Qd6 11. c3 g6 12. Bc2) 9... Qe7 10. Qxe7+ Nxe7 11. O-O O-O 12. Re1 Nc6 13. Be3 Bd6 14. Nd4 Nxd4 15. Bxd4 Bd7 16. h3 Rfe8 17. Kf1 Rxe1+ 18. Rxe1 Kf7 19. c3 ({Reject} 19. Bxh7 g6 $17) 19... Re8 (19... b6 $11) 20. Rd1 ({But not} 20. Bxa7 $6 Ra8 $11) ({Only move:} 20. Rxe8 $16 Bxe8 21. Bxa7) 20... Bc6 21. Bxa7 ({Weaker is} 21. Bxh7 g6 $17) 21... Ra8 22. Bd4 Rxa2 23. Rd2 Ba3 24. c4 Rxb2 $2 {[%mdl 8192] [#]} (24... Bb4 $11 25. Rd1 h6) 25. Bxb2 $18 {White is clearly winning.} Bxb2 26. Rxb2 dxc4 27. Bxc4+ {Accuracy: White = 66%, Black = 51%.} 1-0

[Event "Stay Safe Play From Home 290"]
[Site "Emanuel Lasker Arena"]
[Date "2020.07.09"]
[Round "7"]
[White "Trotsky"]
[Black "Viani A Dcunha"]
[Result "0-1"]
[WhiteElo "1599"]
[BlackElo "2210"]
[Annotator "RC"]
[PlyCount "60"]
[EventDate "2020.07.09"]
[EventType "swiss (blitz)"]

1. d4 {[%emt 0:00:01]} Nf6 {[%emt 0:00:02]} 2. e3 {[%emt 0:00:00]} g6 {[%emt 0:00:00]} 3. c4 {[%emt 0:00:01]} Bg7 {[%emt 0:00:00]} 4. Nc3 {[%emt 0:00:02]} O-O {[%emt 0:00:00]} 5. Bd3 {[%emt 0:00:01]} d6 {[%emt 0:00:00]} 6. Qc2 {[%emt 0:00:01]} e5 {[%emt 0:00:01]} 7. Nf3 {[%emt 0:00:01]} exd4 {[%emt 0:00:01]} 8. exd4 {[%emt 0:00:01]} Re8+ {[%emt 0:00:01]} 9. Be3 {[%emt 0:00:01]} Bg4 {[%emt 0:00:02]} 10. O-O-O {[%emt 0:00:02]} Nc6 {[%emt 0:00:01]} 11. a3 {[%emt 0:00:03]} Nd7 {[%emt 0:00:04]} 12. h4 {[%emt 0:00:04]} Bxf3 {[%emt 0:00:03]} 13. gxf3 {[%emt 0:00:01]} Nxd4 {[%emt 0:00:00]} 14. Bxd4 {[%emt 0:00:02]} Bxd4 {[%emt 0:00:00]} 15. Ne4 {[%emt 0:00:01]} Nc5 {[%emt 0:00:04]} 16. Ng5 {[%emt 0:00:01]} Qf6 {[%emt 0:00:05]} 17. f4 {[%emt 0:00:04]} Qxf4+ {[%emt 0:00:03]} 18. Kb1 {[%emt 0:00:02]} a5 {[%emt 0:00:04]} 19. h5 {[%emt 0:00:01]} Qxg5 {[%emt 0:00:02]} 20. hxg6 {[%emt 0:00:01]} hxg6 {[%emt 0:00:02]} 21. Rdg1 {[%emt 0:00:01]} Qf4 {[%emt 0:00:09]} 22. Bxg6 {[%emt 0:00:02]} Kf8 {[%emt 0:00:00]} 23. Rh8+ {[%emt 0:00:02]} Bxh8 {[%emt 0:00:02]} 24. Bh5 {[%emt 0:00:06]} Qe4 {[%emt 0:00:01]} 25. Qxe4 {[%emt 0:00:02]} Rxe4 {[%emt 0:00:00]} 26. f3 {[%emt 0:00:01]} Re2 {[%emt 0:00:01]} 27. Rf1 {[%emt 0:00:02]} Rxb2+ {[%emt 0:00:01]} 28. Kc1 {[%emt 0:00:01]} Nd3+ {[%emt 0:00:00]} 29. Kd1 {[%emt 0:00:01]} Bc3 {[%emt 0:00:00]} 30. Rh1 {[%emt 0:00:03]} Rd2# {[%emt 0:00:01] (Lag: Av=0.44s, max=0.7s)} 0-1

[Event "Stay Safe Play From Home 290"]
[Site "Emanuel Lasker Arena"]
[Date "2020.07.09"]
[Round "7"]
[White "Mandy"]
[Black "Ironmike"]
[Result "0-1"]
[WhiteElo "898"]
[BlackElo "1926"]
[Annotator "TA"]
[PlyCount "36"]
[EventDate "2020.07.09"]
[EventType "swiss (blitz)"]
[BlackTeam "SV Horst-Emscher I"]

{[%evp 9,35,10,7,3,16,-20,-19,-39,-1,0,27,10,43,-474,-466,-467,-470,-744,-726,-1002,-951,-1865,-1316,-1962,-1931,-1961,-1299,-29999]} 1. d4 b6 2. Bf4 Bb7 3. e3 d6 4. Nf3 Nf6 5. h3 Nbd7 6. Bd3 {A40: Unusual replies to 1 d4.} g6 7. c3 Bg7 8. Nbd2 {The position is equal.} c5 9. O-O cxd4 {[#]} 10. cxd4 $146 ({Predecessor:} 10. exd4 O-O 11. Re1 Nd5 12. Bh2 Re8 13. Ne4 N5f6 14. Qc2 Qc7 15. Nfg5 Nxe4 16. Nxe4 {0-1 (45) Razkin Igoa,C (1681)-Sanjuan Ruperez,J (1762) Navarra 2016}) 10... Nd5 11. e4 $2 {[%mdl 8192] [#] This costs White the game.} (11. Bg3 $14 {stays ahead.}) 11... Nxf4 $19 12. Bc4 O-O 13. e5 (13. g3 $142 d5 14. exd5 Nxd5 15. Rc1) 13... dxe5 14. Nxe5 Nxe5 15. Bb5 Bxg2 16. Re1 Qxd4 17. Bf1 Qxd2 {[%mdl 64] [#] Remove Defender, Deflection} 18. Qxd2 Nf3# {Accuracy: White = 33%, Black = 65%.} 0-1

[Event "Stay Safe Play From Home 290"]
[Site "Emanuel Lasker Arena"]
[Date "2020.07.09"]
[Round "8"]
[White "Eidgenosse"]
[Black "Weltszmerc"]
[Result "1-0"]
[WhiteElo "2465"]
[BlackElo "2192"]
[Annotator "TA"]
[PlyCount "61"]
[EventDate "2020.07.09"]
[EventType "swiss (blitz)"]

{[%evp 12,61,19,4,25,15,42,44,58,40,58,21,32,29,85,83,148,140,214,208,381,235,311,292,286,288,339,329,324,312,484,476,821,652,686,641,713,527,511,459,430,377,443,443,586,509,547,456,1098,1083,1082,1052]} 1. Nf3 d5 2. g3 c6 3. Bg2 Nf6 4. O-O Bf5 5. d3 e6 6. Nbd2 h6 7. Qe1 Bc5 {A07: Réti Opening: New York and Capablanca Systems.} 8. e4 dxe4 9. dxe4 Bh7 {White is slightly better.} 10. Qe2 O-O 11. e5 Nd5 12. Ne4 Be7 (12... Nd7 $11) 13. c4 $36 {[%mdl 2048] [#] White is on the roll.} Nb4 $146 (13... Bxe4 $142 14. Qxe4 Nb6) ({Predecessor:} 13... Bxe4 14. Qxe4 Nb6 15. Bd2 N8d7 16. Rfd1 Qc7 17. b4 Rfd8 18. h4 Nf8 19. Bf1 Rd7 {1-0 (38) Leconte,M (2336)-Steil Antoni,F (2125) Evry 2008}) 14. Rd1 Qa5 {[#]} (14... Qc7 $16) 15. a3 $1 $18 Qa4 $2 (15... N4a6 {was called for.} 16. Nd6 Nd7) 16. Nc3 Qa6 17. Bf4 Nc2 18. Rac1 Rd8 19. Rxd8+ ({Don't take} 19. Rxc2 Bxc2 20. Rxd8+ Bxd8 $18) 19... Bxd8 20. Ne4 ({Much less strong is} 20. Rxc2 Bxc2 21. Qxc2 Qxc4 $18) 20... c5 (20... Nxa3 {was necessary.} 21. bxa3 Bxe4) 21. Rxc2 b6 (21... Qb6 $142 22. Bd2 Nc6) 22. Rc1 Nc6 23. Nd6 Rb8 24. h4 Be7 25. Rd1 Qa4 26. Ne1 {[#] Hoping for b3!} Na5 27. Rc1 {White is clearly winning.} Qb3 28. Rc3 Qa2 29. Be4 Nb3 (29... Bxe4 $142 30. Nxe4 Rd8) 30. Bxh7+ Kxh7 31. Qd3+ {Black got outplayed after the opening. Accuracy: White = 66%, Black = 23%.} 1-0